<?xml version="1.0" encoding="UTF-8"?>
<record
    xmlns:xsi="http://www.w3.org/2001/XMLSchema-instance"
    xsi:schemaLocation="http://www.loc.gov/MARC21/slim http://www.loc.gov/standards/marcxml/schema/MARC21slim.xsd"
    xmlns="http://www.loc.gov/MARC21/slim">

  <leader>02447cam a2200673   4500</leader>
  <datafield tag="999" ind1=" " ind2=" ">
    <subfield code="c">23218</subfield>
    <subfield code="d">23218</subfield>
  </datafield>
  <controlfield tag="001">vtls011836571</controlfield>
  <controlfield tag="005">20220427112157.0</controlfield>
  <controlfield tag="008">210906s2018    xo oac grn    001 1dslo  </controlfield>
  <datafield tag="020" ind1=" " ind2=" ">
    <subfield code="a">9788097291327</subfield>
    <subfield code="q">(bro&#x17E;ovan&#xE9;)</subfield>
  </datafield>
  <datafield tag="035" ind1=" " ind2=" ">
    <subfield code="a">urn:nbn:sk:snk-am00fhgh</subfield>
  </datafield>
  <datafield tag="035" ind1=" " ind2=" ">
    <subfield code="a">urn:nbn:sk:snk-am3iucg</subfield>
  </datafield>
  <datafield tag="035" ind1=" " ind2=" ">
    <subfield code="a">F9AF5FAF-3ACB-488F-B9E2-ABF7F3B8DC7E</subfield>
  </datafield>
  <datafield tag="040" ind1=" " ind2=" ">
    <subfield code="a">ZKSE</subfield>
    <subfield code="b">slo</subfield>
    <subfield code="c">ZKSE</subfield>
    <subfield code="d">SNK</subfield>
    <subfield code="e">rda</subfield>
  </datafield>
  <datafield tag="041" ind1="0" ind2=" ">
    <subfield code="a">slo</subfield>
  </datafield>
  <datafield tag="044" ind1=" " ind2=" ">
    <subfield code="a">xo</subfield>
    <subfield code="c">SK</subfield>
  </datafield>
  <datafield tag="072" ind1=" " ind2="7">
    <subfield code="a">27</subfield>
    <subfield code="x">Kres&#x165;anstvo. Kres&#x165;ansk&#xE1; cirkev v&#x161;eobecne. Ekleziol&#xF3;gia</subfield>
    <subfield code="2">konspekt</subfield>
  </datafield>
  <datafield tag="072" ind1=" " ind2="7">
    <subfield code="a">929</subfield>
    <subfield code="x">Biografie</subfield>
    <subfield code="2">konspekt</subfield>
  </datafield>
  <datafield tag="080" ind1=" " ind2=" ">
    <subfield code="a">929</subfield>
    <subfield code="2">2011</subfield>
  </datafield>
  <datafield tag="080" ind1=" " ind2=" ">
    <subfield code="a">(048.8)</subfield>
    <subfield code="2">2011</subfield>
  </datafield>
  <datafield tag="080" ind1=" " ind2=" ">
    <subfield code="a">272-722.53</subfield>
    <subfield code="2">2011</subfield>
  </datafield>
  <datafield tag="080" ind1=" " ind2=" ">
    <subfield code="a">27-722.53-774</subfield>
    <subfield code="2">2011</subfield>
  </datafield>
  <datafield tag="080" ind1=" " ind2=" ">
    <subfield code="a">316.728</subfield>
    <subfield code="2">2011</subfield>
  </datafield>
  <datafield tag="080" ind1=" " ind2=" ">
    <subfield code="a">(437.6)</subfield>
    <subfield code="2">2011</subfield>
  </datafield>
  <datafield tag="100" ind1="1" ind2=" ">
    <subfield code="a">Golian, J&#xE1;n,</subfield>
    <subfield code="d">1986-</subfield>
    <subfield code="4">aut</subfield>
    <subfield code="4">com</subfield>
    <subfield code="9">2947</subfield>
  </datafield>
  <datafield tag="245" ind1="1" ind2="1">
    <subfield code="a">(ne)oby&#x10D;ajn&#xFD; &#x17E;ivot far&#xE1;ra</subfield>
    <subfield code="c">J&#xE1;n Golian, Rastislav Molda a kolekt&#xED;v</subfield>
  </datafield>
  <datafield tag="246" ind1="3" ind2="0">
    <subfield code="a">Oby&#x10D;ajn&#xFD; &#x17E;ivot far&#xE1;ra</subfield>
  </datafield>
  <datafield tag="246" ind1="3" ind2="0">
    <subfield code="a">Neoby&#x10D;ajn&#xFD; &#x17E;ivot far&#xE1;ra</subfield>
  </datafield>
  <datafield tag="264" ind1=" " ind2="1">
    <subfield code="a">Bansk&#xE1; Bystrica</subfield>
    <subfield code="b">Society for Human Studies</subfield>
    <subfield code="c">2018</subfield>
  </datafield>
  <datafield tag="300" ind1=" " ind2=" ">
    <subfield code="a">285 str&#xE1;n</subfield>
    <subfield code="b">&#x10D;iernobiele ilustr&#xE1;cie, portr&#xE9;ty</subfield>
    <subfield code="c">23 cm</subfield>
  </datafield>
  <datafield tag="336" ind1=" " ind2=" ">
    <subfield code="a">text</subfield>
    <subfield code="b">txt</subfield>
    <subfield code="2">rdacontent</subfield>
  </datafield>
  <datafield tag="337" ind1=" " ind2=" ">
    <subfield code="a">bez m&#xE9;dia</subfield>
    <subfield code="b">n</subfield>
    <subfield code="2">rdamedia</subfield>
  </datafield>
  <datafield tag="338" ind1=" " ind2=" ">
    <subfield code="a">zv&#xE4;zok</subfield>
    <subfield code="b">nc</subfield>
    <subfield code="2">rdacarrier</subfield>
  </datafield>
  <datafield tag="490" ind1="1" ind2=" ">
    <subfield code="a">(ne)zn&#xE1;me pr&#xED;behy</subfield>
  </datafield>
  <datafield tag="500" ind1=" " ind2=" ">
    <subfield code="a">Na dokumente n&#xE1;zov za&#x10D;&#xED;na mal&#xFD;m p&#xED;smenom, za&#x10D;iato&#x10D;n&#xE9; p&#xED;smen&#xE1; n&#xE1;zvu v hranatej z&#xE1;tvorke</subfield>
  </datafield>
  <datafield tag="500" ind1=" " ind2=" ">
    <subfield code="a">Obsahuje biografick&#xE9; &#xFA;daje o autoroch na strane 284-285</subfield>
  </datafield>
  <datafield tag="650" ind1="0" ind2="7">
    <subfield code="a">katol&#xED;cki k&#x148;azi</subfield>
    <subfield code="2">SNKPH</subfield>
    <subfield code="9">2257</subfield>
  </datafield>
  <datafield tag="650" ind1="0" ind2="7">
    <subfield code="a">far&#xE1;ri</subfield>
    <subfield code="2">SNKPH</subfield>
    <subfield code="9">2948</subfield>
  </datafield>
  <datafield tag="650" ind1="0" ind2="7">
    <subfield code="a">ka&#x17E;dodenn&#xFD; &#x17E;ivot</subfield>
    <subfield code="2">SNKPH</subfield>
    <subfield code="9">1933</subfield>
  </datafield>
  <datafield tag="650" ind1="0" ind2="7">
    <subfield code="a">Catholic priests</subfield>
    <subfield code="2">SNKPHeng</subfield>
    <subfield code="9">2259</subfield>
  </datafield>
  <datafield tag="650" ind1="0" ind2="7">
    <subfield code="a">Parish priests</subfield>
    <subfield code="2">SNKPHeng</subfield>
    <subfield code="9">2949</subfield>
  </datafield>
  <datafield tag="650" ind1="0" ind2="7">
    <subfield code="a">Everyday life</subfield>
    <subfield code="2">SNKPHeng</subfield>
    <subfield code="9">1935</subfield>
  </datafield>
  <datafield tag="651" ind1=" " ind2="7">
    <subfield code="a">Slovensko</subfield>
    <subfield code="2">SNKPHgeo</subfield>
    <subfield code="9">1613</subfield>
  </datafield>
  <datafield tag="651" ind1=" " ind2="7">
    <subfield code="a">Slovakia</subfield>
    <subfield code="2">SNKPHeng</subfield>
    <subfield code="9">1614</subfield>
  </datafield>
  <datafield tag="655" ind1=" " ind2="7">
    <subfield code="a">biografie</subfield>
    <subfield code="2">SNKPH</subfield>
    <subfield code="9">1756</subfield>
  </datafield>
  <datafield tag="655" ind1=" " ind2="7">
    <subfield code="a">monografie</subfield>
    <subfield code="2">SNKPH</subfield>
    <subfield code="9">1661</subfield>
  </datafield>
  <datafield tag="655" ind1=" " ind2="7">
    <subfield code="a">Biography</subfield>
    <subfield code="2">SNKPHeng</subfield>
    <subfield code="9">1759</subfield>
  </datafield>
  <datafield tag="655" ind1=" " ind2="7">
    <subfield code="a">Monographs</subfield>
    <subfield code="2">SNKPHeng</subfield>
    <subfield code="9">1662</subfield>
  </datafield>
  <datafield tag="700" ind1="1" ind2=" ">
    <subfield code="a">Molda, Rastislav,</subfield>
    <subfield code="d">1986-</subfield>
    <subfield code="4">aut</subfield>
    <subfield code="4">com</subfield>
    <subfield code="9">2950</subfield>
  </datafield>
  <datafield tag="700" ind1="1" ind2=" ">
    <subfield code="a">Adam&#x10D;&#xED;k, Tom&#xE1;&#x161;,</subfield>
    <subfield code="d">1988-</subfield>
    <subfield code="4">aut</subfield>
    <subfield code="9">2951</subfield>
  </datafield>
  <datafield tag="700" ind1="1" ind2=" ">
    <subfield code="a">Borza, Peter,</subfield>
    <subfield code="d">1975-</subfield>
    <subfield code="4">aut</subfield>
    <subfield code="9">2952</subfield>
  </datafield>
  <datafield tag="700" ind1="1" ind2=" ">
    <subfield code="a">Horn&#xED;kov&#xE1;, Eli&#x161;ka,</subfield>
    <subfield code="d">1986-</subfield>
    <subfield code="4">aut</subfield>
    <subfield code="9">2953</subfield>
  </datafield>
  <datafield tag="700" ind1="1" ind2=" ">
    <subfield code="a">Lup&#x10D;o, Martin,</subfield>
    <subfield code="d">1982-</subfield>
    <subfield code="4">aut</subfield>
    <subfield code="9">2954</subfield>
  </datafield>
  <datafield tag="700" ind1="1" ind2=" ">
    <subfield code="a">Mudroch, Michal,</subfield>
    <subfield code="d">1990-</subfield>
    <subfield code="4">aut</subfield>
    <subfield code="9">2955</subfield>
  </datafield>
  <datafield tag="700" ind1="1" ind2=" ">
    <subfield code="a">Neupauer, Franti&#x161;ek,</subfield>
    <subfield code="d">1979-</subfield>
    <subfield code="4">aut</subfield>
    <subfield code="9">2956</subfield>
  </datafield>
  <datafield tag="700" ind1="1" ind2=" ">
    <subfield code="a">Zubko, Peter,</subfield>
    <subfield code="d">1972-</subfield>
    <subfield code="4">aut</subfield>
    <subfield code="9">2957</subfield>
  </datafield>
  <datafield tag="958" ind1=" " ind2=" ">
    <subfield code="a">NB</subfield>
  </datafield>
  <datafield tag="958" ind1=" " ind2=" ">
    <subfield code="a">NT</subfield>
  </datafield>
  <datafield tag="958" ind1=" " ind2=" ">
    <subfield code="a">BX</subfield>
  </datafield>
  <datafield tag="952" ind1=" " ind2=" ">
    <subfield code="0">0</subfield>
    <subfield code="1">0</subfield>
    <subfield code="2">udc</subfield>
    <subfield code="4">0</subfield>
    <subfield code="7">0</subfield>
    <subfield code="8">K</subfield>
    <subfield code="a">10000</subfield>
    <subfield code="b">10000</subfield>
    <subfield code="d">2019-11-29</subfield>
    <subfield code="g">13.00</subfield>
    <subfield code="i">21172</subfield>
    <subfield code="l">1</subfield>
    <subfield code="o">I1835</subfield>
    <subfield code="p">I1835</subfield>
    <subfield code="r">2023-12-11</subfield>
    <subfield code="s">2023-11-27</subfield>
    <subfield code="w">2022-04-27</subfield>
    <subfield code="y">OLDO</subfield>
  </datafield>
</record>
